| 000 | 01322nam a2200325Ic 4500 | ||
|---|---|---|---|
| 001 | 57757 | ||
| 003 | CO-BoRNBP | ||
| 005 | 20250730141706.0 | ||
| 007 | ta | ||
| 008 | 141031s9999 xx 000 0 und d | ||
| 020 | _a9789682461637 | ||
| 040 |
_aCO-BoRNBP _bspa _erda _cCO-BoRNBP |
||
| 041 | _aspa | ||
| 082 | 0 |
_a371.9046 _bL29c |
|
| 100 |
_aLewis, Ann _eaut _925025 |
||
| 245 | 1 | 0 |
_aConvivencia infantil y discapacidad / _cAnn Lewis ; traducido por Berenice García Delgado. |
| 250 | _a1a ed., reimpr | ||
| 264 | 1 |
_aMéxico : _bTrillas, _c2010 |
|
| 300 | _a231 páginas | ||
| 336 |
_atexto _btxt _2rdacontent |
||
| 337 |
_asin mediación _bn _2rdamedia |
||
| 338 |
_avolumen _bnc _2rdacarrier |
||
| 505 | 0 | _aPreparar el escenario -- Los niños ante las escuelas de educación especial -- Hacia un programa inclusivo -- Proyecto enlace 7 -- Proyecto enlace 11 -- Las experiencias en los proyectos de convivencia -- Conclusiones e implicaciones | |
| 534 | _tChildren´s understanding of disability | ||
| 650 | 0 | 7 |
_aDiscriminación en la educación _vensayos, conferencias, etc _2lemb _961523 |
| 650 | 0 | 7 |
_aEducación especial _vensayos, conferencias, etc _2lemb _961524 |
| 650 | 0 | 7 |
_aTrastornos del aprendizaje _vensayos, conferencias, etc _2lemb _961525 |
| 700 |
_aGarcía Delgado, Berenice _961526 |
||
| 942 |
_2ddc _cBK |
||
| 999 |
_c57757 _d57757 |
||